[Event "Junior Online 4NCL Division 5"]
[Site "online"]
[Date "2020.05.14"]
[Round "5.168"]
[White "McAndrew, Max"]
[Black "Ewart, Samuel"]
[Result "1-0"]
[WhiteElo "1390"]
[BlackElo "925"]
[PlyCount "124"]
[EventDate "2020.05.14"]
[WhiteTeam "Ojays F"]
[BlackTeam "Hammersmith 3"]

1. e4 e5 2. Nf3 Nc6 3. Bc4 Bc5 4. d3 d6 5. Bg5 f6 6. Bh4 g5 7. Bg3 h5 8. h3 h4
9. Bh2 Nge7 10. Nc3 Nd4 11. O-O Nxf3+ 12. Qxf3 Nc6 13. Nd5 Be6 14. Nxf6+ Kf7
15. Bxe6+ Kxe6 16. Qf5+ Ke7 17. Nd5+ Ke8 18. Nf6+ Kf8 19. Nd7+ Ke7 20. Nf6 Rf8
21. Qg6 Rxf6 22. Qg7+ Rf7 23. Qg6 Nd4 24. Qxg5+ Ke8 25. Qg8+ Rf8 26. Qg6+ Kd7
27. c3 Ne2+ 28. Kh1 Bxf2 29. Qg4+ Kc6 30. Qxe2 Bg3 31. Rxf8 Qxf8 32. Bxg3 hxg3
33. Qg4 Qf2 34. Qd1 Rf8 35. d4 Rh8 36. d5+ Kb6 37. Qg1 Rf8 38. Rf1 c6 39. Rxf2
gxf2 40. Qf1 cxd5 41. exd5 Kc5 42. g4 Rf3 43. Kg2 e4 44. Qxf2+ Rxf2+ 45. Kxf2
Kxd5 46. g5 Ke6 47. Ke3 Kf7 48. Kxe4 Kg6 49. Kf4 d5 50. h4 Kh5 51. Kf5 b6 52.
g6 Kh6 53. h5 Kg7 54. Kg5 a5 55. h6+ Kg8 56. h7+ Kg7 57. Kf5 Kh8 58. Kf6 d4 59.
cxd4 b5 60. d5 b4 61. d6 b3 62. d7 bxa2 1-0

[Event "Junior Online 4NCL Division 5"]
[Site "online"]
[Date "2020.05.14"]
[Round "5.171"]
[White "Bradley, Adam"]
[Black "Krajci, Patrik"]
[Result "1-0"]
[WhiteElo "1075"]
[BlackElo "1255"]
[PlyCount "75"]
[EventDate "2020.05.14"]
[WhiteTeam "Robin Hoods 6"]
[BlackTeam "SASCA Sharks"]

1. e4 e5 2. Nf3 Nc6 3. Bc4 Nf6 4. Nc3 Bc5 5. d3 d6 6. h3 O-O 7. Bg5 h6 8. Bh4
Re8 9. Bxf6 Qxf6 10. Nd5 Qd8 11. O-O Be6 12. a3 a6 13. Qd2 b5 14. Bb3 Qd7 15.
Rae1 Bxd5 16. exd5 Nd4 17. c3 Nxb3 18. Qc2 Na5 19. d4 exd4 20. cxd4 Rxe1 21.
Rxe1 Bb6 22. b4 Nc4 23. Nd2 Nxd2 24. Qxd2 c5 25. dxc5 dxc5 26. bxc5 Bxc5 27.
Qc3 Qxd5 28. Qc1 Rc8 29. Qb1 Qd4 30. Qa2 Qc3 31. Qe2 Qxa3 32. Rd1 b4 33. Rd3 b3
34. Qd1 Rb8 35. Rg3 Qa2 36. Qc1 Ba3 37. Qc3 b2 38. Qxg7# 1-0

[Event "Junior Online 4NCL Division 5"]
[Site "online"]
[Date "2020.05.14"]
[Round "5.172"]
[White "Wang, Xiaorui"]
[Black "Brown, William"]
[Result "1-0"]
[WhiteElo "1030"]
[BlackElo "917"]
[PlyCount "25"]
[EventDate "2020.05.14"]
[WhiteTeam "SASCA Sharks"]
[BlackTeam "Robin Hoods 6"]

1. d4 e6 2. Nf3 Bb4+ 3. c3 Be7 4. e4 Nf6 5. e5 Ne4 6. Nbd2 Nxd2 7. Qxd2 O-O 8.
Qf4 d5 9. Qg3 Bd7 10. Bh6 Bg5 11. Nxg5 gxh6 12. Nxe6+ Kh8 13. Qg7# 1-0

[Event "Junior Online 4NCL Division 5"]
[Site "online"]
[Date "2020.05.14"]
[Round "5.173"]
[White "Clay, Jonathan"]
[Black "Pennington, Jonathan"]
[Result "0-1"]
[WhiteElo "887"]
[BlackElo "1037"]
[PlyCount "36"]
[EventDate "2020.05.14"]
[WhiteTeam "Robin Hoods 6"]
[BlackTeam "SASCA Sharks"]

1. e4 e5 2. Nf3 Nc6 3. Nc3 Bb4 4. Bb5 Nf6 5. d3 O-O 6. Bg5 d6 7. O-O Bg4 8.
Bxc6 bxc6 9. Bxf6 Qxf6 10. a3 Ba5 11. d4 exd4 12. Nxd4 Bxd1 13. Raxd1 Bb6 14.
Nxc6 Rae8 15. Nb4 Qf4 16. Ncd5 Qxe4 17. Rde1 Qxe1 18. Rxe1 Rxe1# 0-1

[Event "Junior Online 4NCL Division 5"]
[Site "online"]
[Date "2020.05.14"]
[Round "5.174"]
[White "Dewis, Oliver"]
[Black "Stoyanov, Boris"]
[Result "1-0"]
[WhiteElo "1037"]
[BlackElo "857"]
[PlyCount "81"]
[EventDate "2020.05.14"]
[WhiteTeam "SASCA Sharks"]
[BlackTeam "Robin Hoods 6"]

1. d4 e6 2. c4 Nf6 3. Nf3 Nc6 4. Nbd2 Bd6 5. e4 O-O 6. c5 Bf4 7. Be2 Ng4 8. Nc4
d5 9. Bxf4 dxc4 10. Nd2 Nf6 11. Bxc4 Nxd4 12. Nf3 Nxf3+ 13. Qxf3 b6 14. O-O Bb7
15. cxb6 Bxe4 16. Qg3 cxb6 17. Bh6 g6 18. Bxf8 Kxf8 19. Qf4 Qd4 20. Rac1 Qxb2
21. Qd6+ Kg7 22. Bd3 Bf5 23. Bxf5 gxf5 24. Qc6 Rd8 25. Rb1 Qxa2 26. Ra1 Qd2 27.
h3 Ne4 28. Rad1 Qb2 29. Rxd8 Nxf2 30. Rxf2 Qb1+ 31. Rf1 Qb4 32. Qd6 Qe4 33.
Qd4+ Qxd4+ 34. Rxd4 e5 35. Rd5 f4 36. Rxe5 a6 37. Rxf4 a5 38. Rg5+ Kh8 39. Rxf7
b5 40. Rxb5 a4 41. Rb8# 1-0

[Event "Junior Online 4NCL Division 5"]
[Site "online"]
[Date "2020.05.14"]
[Round "5.175"]
[White "Krajci, Patrik"]
[Black "Bradley, Adam"]
[Result "1-0"]
[WhiteElo "1255"]
[BlackElo "1075"]
[PlyCount "25"]
[EventDate "2020.05.14"]
[WhiteTeam "SASCA Sharks"]
[BlackTeam "Robin Hoods 6"]

1. e4 e5 2. Nf3 Nc6 3. Bc4 Bc5 4. O-O Nf6 5. Nc3 d6 6. d3 h6 7. a3 Bg4 8. b4
Bd4 9. Bb2 a6 10. h3 Bxf3 11. Qxf3 g5 12. Rab1 Nh7 13. Qxf7# 1-0

[Event "Junior Online 4NCL Division 5"]
[Site "online"]
[Date "2020.05.14"]
[Round "5.176"]
[White "Brown, William"]
[Black "Wang, Xiaorui"]
[Result "0-1"]
[WhiteElo "917"]
[BlackElo "1030"]
[PlyCount "24"]
[EventDate "2020.05.14"]
[WhiteTeam "Robin Hoods 6"]
[BlackTeam "SASCA Sharks"]

1. e4 c5 2. e5 d6 3. exd6 e5 4. d7+ Bxd7 5. Bb5 Bxb5 6. Qe2 Bxe2 7. Kxe2 Nc6 8.
Nf3 e4 9. Ng5 Nd4+ 10. Ke3 Qxg5+ 11. Kxe4 Qxg2+ 12. Ke3 Qf3# 0-1

[Event "Junior Online 4NCL Division 5"]
[Site "online"]
[Date "2020.05.14"]
[Round "5.177"]
[White "Pennington, Jonathan"]
[Black "Clay, Jonathan"]
[Result "1-0"]
[WhiteElo "1037"]
[BlackElo "887"]
[PlyCount "28"]
[EventDate "2020.05.14"]
[WhiteTeam "SASCA Sharks"]
[BlackTeam "Robin Hoods 6"]

1. d4 d5 2. c4 c5 3. Nc3 Nc6 4. cxd5 cxd4 5. dxc6 dxc3 6. Qxd8+ Kxd8 7. bxc3
bxc6 8. e3 e5 9. Nf3 Bf5 10. Nxe5 Nh6 11. e4 Bxe4 12. Bxh6 f6 13. Nf7+ Ke8 14.
Nxh8 gxh6 1-0

[Event "Junior Online 4NCL Division 5"]
[Site "online"]
[Date "2020.05.14"]
[Round "5.178"]
[White "Stoyanov, Boris"]
[Black "Dewis, Oliver"]
[Result "1-0"]
[WhiteElo "857"]
[BlackElo "1037"]
[PlyCount "137"]
[EventDate "2020.05.14"]
[WhiteTeam "Robin Hoods 6"]
[BlackTeam "SASCA Sharks"]

1. e4 d5 2. Nc3 dxe4 3. Nxe4 e5 4. Bb5+ Nc6 5. Bc4 Nf6 6. Nf3 Nxe4 7. O-O Bc5
8. Ng5 Qxg5 9. d3 Qg4 10. Qxg4 Bxg4 11. dxe4 O-O 12. a3 Rfd8 13. b4 Rd1 14.
Rxd1 Bxd1 15. bxc5 Rd8 16. Bg5 Ra8 17. Rxd1 h6 18. Bh4 g5 19. Bg3 Rd8 20. Re1
h5 21. h4 gxh4 22. Bxh4 Rd4 23. Ba2 Rd2 24. Rc1 Nd4 25. Bg5 Ne2+ 26. Kf1 Nxc1
27. Bxd2 Nxa2 28. f3 b6 29. c6 Kf8 30. f4 exf4 31. Bxf4 Nc3 32. Bxc7 Nxe4 33.
Be5 Ke8 34. c7 Kd7 35. Ke2 f6 36. Bf4 Nc3+ 37. Kd3 Nd5 38. Bg3 Nxc7 39. Bxc7
Kxc7 40. c4 a6 41. a4 Kc6 42. Kd4 b5 43. axb5+ axb5 44. cxb5+ Kxb5 45. Ke4 Kc6
46. Kf5 h4 47. Kxf6 Kd5 48. Kg5 Ke4 49. Kxh4 Ke3 50. g3 Kf3 51. g4 Ke4 52. Kh5
Kf4 53. g5 Ke5 54. g6 Kf6 55. Kh6 Ke7 56. g7 Kf7 57. Kh7 Kf6 58. g8=Q Ke7 59.
Qg6 Kd7 60. Kg7 Ke7 61. Qf6+ Kd7 62. Kf7 Kc8 63. Qe6+ Kc7 64. Ke7 Kb7 65. Qd6
Kc8 66. Qd7+ Kb8 67. Kd6 Ka8 68. Kc6 Kb8 69. Qb7# 1-0

[Event "Junior Online 4NCL Division 5"]
[Site "online"]
[Date "2020.05.14"]
[Round "5.181"]
[White "Smith, Mia"]
[Black "Shah, Prem"]
[Result "1-0"]
[WhiteElo "1075"]
[BlackElo "1022"]
[PlyCount "87"]
[EventDate "2020.05.14"]
[WhiteTeam "Harrow Juniors G"]
[BlackTeam "Watford 4"]

1. e4 d5 2. exd5 Nf6 3. Nc3 Nxd5 4. d4 Nc6 5. Nf3 Nxc3 6. bxc3 Bf5 7. Bc4 e6 8.
O-O Bd6 9. Bg5 Be7 10. Bxe7 Nxe7 11. Qd2 O-O 12. Rfe1 Qd7 13. Rab1 Rab8 14. Bb5
c6 15. Bc4 b5 16. Bd3 Bg4 17. Qe3 Nd5 18. Qd2 Bxf3 19. gxf3 Qd6 20. Kg2 Nf4+
21. Kf1 Nxd3 22. Qxd3 Qxh2 23. Ke2 Rbd8 24. Rh1 Qxh1 25. Rxh1 g6 26. Qe4 Rd6
27. Qh4 h5 28. Kd3 e5 29. c4 c5 30. cxb5 Rxd4+ 31. Ke2 Rxh4 32. Rxh4 Rb8 33. a4
Kg7 34. Re4 Kf6 35. f4 exf4 36. Rxf4+ Kg5 37. Rxf7 Re8+ 38. Kf3 h4 39. c4 h3
40. Kg3 Re4 41. Kxh3 Rxc4 42. Kg3 Rxa4 43. f4+ Kh5 44. Rh7# 1-0

[Event "Junior Online 4NCL Division 5"]
[Site "online"]
[Date "2020.05.14"]
[Round "5.182"]
[White "Arora, Aarav "]
[Black "Patel-Davis, Riyan"]
[Result "1-0"]
[WhiteElo "1007"]
[BlackElo "902"]
[PlyCount "35"]
[EventDate "2020.05.14"]
[WhiteTeam "Watford 4"]
[BlackTeam "Harrow Juniors G"]

1. e4 e5 2. Nf3 Nc6 3. Bc4 Bc5 4. O-O Nf6 5. Nc3 O-O 6. d3 d6 7. h3 Bb4 8. Bd2
Bxc3 9. Bxc3 Bd7 10. d4 b5 11. Bxb5 Be6 12. Bxc6 Bc4 13. Bxa8 Bxf1 14. Kxf1
Qxa8 15. dxe5 Nxe4 16. exd6 cxd6 17. Qd4 d5 18. Qxg7# 1-0

[Event "Junior Online 4NCL Division 5"]
[Site "online"]
[Date "2020.05.14"]
[Round "5.183"]
[White "Wang, Xiling"]
[Black "Menakaya, Léon "]
[Result "0-1"]
[WhiteElo "925"]
[BlackElo "865"]
[PlyCount "112"]
[EventDate "2020.05.14"]
[WhiteTeam "Harrow Juniors G"]
[BlackTeam "Watford 4"]

1. e4 e5 2. Nf3 Nc6 3. Bb5 d6 4. Nc3 Nf6 5. Nd5 Be7 6. Nxf6+ Bxf6 7. Bxc6+ bxc6
8. O-O O-O 9. d3 Ba6 10. Be3 d5 11. Bc5 Be7 12. Bxe7 Qxe7 13. Qd2 dxe4 14. dxe4
Bxf1 15. Rxf1 Rad8 16. Qe2 h6 17. Nd2 Rd7 18. Nc4 Qe6 19. b3 Re7 20. h3 Qf6 21.
Ne3 Qd6 22. Nf5 Qc5 23. Nxe7+ Qxe7 24. Re1 Qg5 25. g3 Qe7 26. h4 Qa3 27. Rd1
Qxa2 28. Rd7 Rc8 29. Qf3 Rf8 30. Rxc7 Qxc2 31. Rxa7 Qc1+ 32. Kh2 Qc5 33. Rc7
Qd6 34. Ra7 Qd4 35. Qe3 Qd8 36. b4 Qb8 37. Re7 Rd8 38. Qf3 Rf8 39. g4 Qxb4 40.
Ra7 Qd4 41. Re7 c5 42. Kg3 c4 43. Qe2 Rc8 44. Qf3 Rf8 45. Qe2 Rc8 46. Qf3 f6
47. h5 c3 48. Qe2 c2 49. Qe1 c1=Q 50. Qxc1 Rxc1 51. Re8+ Kf7 52. Rh8 Qxe4 53.
f3 Qf4+ 54. Kf2 Rc2+ 55. Ke1 Qe3+ 56. Kf1 Qf2# 0-1

[Event "Junior Online 4NCL Division 5"]
[Site "online"]
[Date "2020.05.14"]
[Round "5.184"]
[White "Mehta, Devina "]
[Black "Patel, Ryan"]
[Result "0-1"]
[WhiteElo "887"]
[BlackElo "700"]
[PlyCount "42"]
[EventDate "2020.05.14"]
[WhiteTeam "Watford 4"]
[BlackTeam "Harrow Juniors G"]

1. e4 d5 2. Nc3 d4 3. Nb1 Nf6 4. e5 Ng4 5. Qe2 d3 6. cxd3 Nc6 7. f3 Nh6 8. h3
f6 9. exf6 gxf6 10. Qe3 Nb4 11. Na3 Nf5 12. Qe4 Ng3 13. Qxb4 e5 14. Qc3 Nxh1
15. g4 Ng3 16. Bg2 f5 17. gxf5 Bg7 18. f4 exf4 19. Qd4 Qxd4 20. Rb1 Qxg1+ 21.
Bf1 Qxf1# 0-1

[Event "Junior Online 4NCL Division 5"]
[Site "online"]
[Date "2020.05.14"]
[Round "5.185"]
[White "Shah, Prem"]
[Black "Smith, Mia"]
[Result "1-0"]
[WhiteElo "1022"]
[BlackElo "1075"]
[PlyCount "95"]
[EventDate "2020.05.14"]
[WhiteTeam "Watford 4"]
[BlackTeam "Harrow Juniors G"]

1. d4 d5 2. e4 dxe4 3. Nc3 Nf6 4. f3 exf3 5. Qxf3 Bg4 6. Qg3 e6 7. Be3 Bd6 8.
Qf2 Nc6 9. Nf3 Qd7 10. O-O-O O-O-O 11. Bb5 a6 12. Bxc6 Qxc6 13. g3 e5 14. Nxe5
Qe8 15. Rde1 Bxe5 16. dxe5 Qxe5 17. Bf4 Qa5 18. Qa7 Qb6 19. Qxb6 cxb6 20. Re7
Rhf8 21. Rc7+ Kb8 22. Rxf7+ Ka7 23. Rxg7 b5 24. Be3+ Ka8 25. Re1 b4 26. Bc5 Rh8
27. Bxb4 h5 28. Be7 Rde8 29. Rf1 Nd7 30. Bg5 b5 31. Rxd7 a5 32. Nxb5 Bxd7 33.
Nc7+ Kb7 34. Nxe8 Rxe8 35. b3 Bb5 36. Rf7+ Kc8 37. Rf5 Bd7 38. Rxa5 Re1+ 39.
Kd2 Re4 40. Ra8+ Kb7 41. Rd8 Bg4 42. a4 Re2+ 43. Kd3 Rxh2 44. a5 Re2 45. Rd6
Bf3 46. a6+ Ka7 47. b4 Be4+ 48. Kxe2 1-0

[Event "Junior Online 4NCL Division 5"]
[Site "online"]
[Date "2020.05.14"]
[Round "5.186"]
[White "Patel-Davis, Riyan"]
[Black "Arora, Aarav"]
[Result "0-1"]
[WhiteElo "902"]
[BlackElo "1002"]
[PlyCount "78"]
[EventDate "2020.05.14"]
[WhiteTeam "Harrow Juniors G"]
[BlackTeam "Watford 4"]

1. e4 e5 2. Nc3 Nf6 3. Nf3 Nc6 4. Bb5 a6 5. Bxc6 bxc6 6. d3 d6 7. Bg5 Bg4 8.
Bxf6 Qxf6 9. Ne2 Bxf3 10. gxf3 Qxf3 11. Rg1 d5 12. Qd2 dxe4 13. Rg3 Qh1+ 14.
Rg1 Qxh2 15. O-O-O Bc5 16. Ng3 Bxf2 17. Rgf1 Bxg3 18. Rh1 Qxd2+ 19. Rxd2 Bf4
20. Rg1 Be3 21. Rxg7 exd3 22. Rg4 h5 23. Rg3 Bf4 24. Rgxd3 e4 25. Rd4 Bxd2+ 26.
Rxd2 h4 27. Rh2 h3 28. a4 Rd8 29. Kb1 e3 30. Kc1 Rd6 31. c4 c5 32. Kc2 Re6 33.
Kd3 e2 34. Rxe2 Rxe2 35. Kxe2 h2 36. b3 h1=Q 37. Kd3 Rh3+ 38. Kc2 Qg2+ 39. Kb1
Rh1# 0-1

[Event "Junior Online 4NCL Division 5"]
[Site "online"]
[Date "2020.05.14"]
[Round "5.187"]
[White "Menakaya, Léon"]
[Black "Wang, Xiling"]
[Result "1-0"]
[WhiteElo "865"]
[BlackElo "925"]
[PlyCount "61"]
[EventDate "2020.05.14"]
[WhiteTeam "Watford 4"]
[BlackTeam "Harrow Juniors G"]

1. e4 e5 2. Nf3 Nc6 3. Bb5 Nf6 4. Nc3 d6 5. Bxc6+ bxc6 6. O-O Bg4 7. Qe2 Bxf3
8. Qxf3 Be7 9. Qd3 O-O 10. Qa6 Nd7 11. Qxc6 Bh4 12. g3 Bg5 13. d3 Bxc1 14.
Raxc1 Nb8 15. Qxa8 Nc6 16. Qxc6 Re8 17. Nd5 Rf8 18. Nxc7 Qe7 19. Nd5 Qe6 20.
Qa6 Qd7 21. c4 f6 22. Rc3 Rb8 23. Rb3 Rxb3 24. axb3 h6 25. Ra1 Kh7 26. Qxa7 Qg4
27. Ne3 Qg5 28. Qb8 d5 29. cxd5 Qg6 30. Ra8 h5 31. Qh8# 1-0

[Event "Junior Online 4NCL Division 5"]
[Site "online"]
[Date "2020.05.14"]
[Round "5.188"]
[White "Patel, Ryan"]
[Black "Mehta, Devina"]
[Result "1-0"]
[WhiteElo "700"]
[BlackElo "887"]
[PlyCount "105"]
[EventDate "2020.05.14"]
[WhiteTeam "Harrow Juniors G"]
[BlackTeam "Watford 4"]

1. e4 e5 2. d4 Nc6 3. d5 Nb4 4. c3 Na6 5. b4 d6 6. b5 Nc5 7. c4 Nxe4 8. f3 Nc5
9. Nc3 Be7 10. f4 e4 11. Qe2 Nf6 12. g4 Nxg4 13. Bh3 a6 14. Nxe4 f5 15. Ng5 Rg8
16. Nxh7 Rh8 17. Ng5 g6 18. Bb2 Rg8 19. Bf6 Kd7 20. Bd4 a5 21. Bxc5 dxc5 22.
Qe6+ Ke8 23. Qxg8+ Kd7 24. Qe6+ Ke8 25. Qg8+ Kd7 26. Qxd8+ Kxd8 27. Bxg4 fxg4
28. f5 Bxg5 29. Ne2 Bf6 30. O-O b6 31. Rad1 Bb7 32. d6 Bc8 33. dxc7+ Kxc7 34.
fxg6 Be5 35. Rd5 Bc3 36. Nxc3 Bb7 37. Rg5 Rg8 38. Rxg4 Bc8 39. Rg5 Bh3 40. Rf7+
Kd8 41. g7 Ke8 42. Ra7 Be6 43. Re5 Kd8 44. Ra8+ Kd7 45. Rxg8 Bxc4 46. Ra8 Kd6
47. Ree8 Kc7 48. g8=Q Kd6 49. Qxc4 Kc7 50. Re7+ Kd6 51. Rea7 Ke5 52. Qe4+ Kd6
53. Qd5# 1-0

[Event "Junior Online 4NCL Division 5"]
[Site "online"]
[Date "2020.05.14"]
[Round "5.191"]
[White "Pardeshi, Prachi"]
[Black "Vora, Ravi"]
[Result "1-0"]
[WhiteElo "519"]
[BlackElo "1150"]
[PlyCount "107"]
[EventDate "2020.05.14"]
[WhiteTeam "East Kilbride Bishops"]
[BlackTeam "Warwickshire Bears F"]

1. e4 e5 2. Nf3 Nc6 3. Bb5 a6 4. Bxc6 dxc6 5. Nxe5 Qe7 6. Nd3 Qxe4+ 7. Qe2
Qxe2+ 8. Kxe2 Nf6 9. Re1 Be6 10. Kf1 O-O-O 11. Nf4 Re8 12. Nxe6 Rxe6 13. Rxe6
fxe6 14. d4 Bd6 15. Kg1 Re8 16. Bg5 Ng4 17. g3 e5 18. dxe5 Bxe5 19. Nc3 Bf6 20.
Bf4 Ne5 21. Bxe5 Bxe5 22. Re1 Kd7 23. Kg2 b5 24. Ne4 Bxb2 25. Nc5+ Kd8 26. Nb7+
Kd7 27. Rd1+ Kc8 28. Nc5 Rd8 29. Rxd8+ Kxd8 30. Nxa6 Kd7 31. Nc5+ Kd6 32. Ne4+
Kd5 33. Kf3 c5 34. Ke3 b4 35. f4 c4 36. h4 c5 37. g4 b3 38. axb3 cxb3 39. cxb3
Bd4+ 40. Kd3 g6 41. g5 h5 42. gxh6 Bb2 43. Nc3+ Ke6 44. h7 Bxc3 45. Kxc3 Kf7
46. h8=Q Ke6 47. Qh6 Kf6 48. h5 Kf7 49. Qxg6+ Ke7 50. Kc4 Kd7 51. Kd5 Kc7 52.
Qc6+ Kd8 53. Kd6 c4 54. Qd7# 1-0

[Event "Junior Online 4NCL Division 5"]
[Site "online"]
[Date "2020.05.14"]
[Round "5.192"]
[White "Howett, Alex"]
[Black "Roul, Karan"]
[Result "1-0"]
[WhiteElo "1142"]
[BlackElo "434"]
[PlyCount "69"]
[EventDate "2020.05.14"]
[WhiteTeam "Warwickshire Bears F"]
[BlackTeam "East Kilbride Bishops"]

1. e4 d5 2. Nc3 d4 3. Nb5 e5 4. Nf3 Bg4 5. Nxe5 Bxd1 6. c3 c6 7. Nxd4 Nf6 8.
Kxd1 Ng4 9. Nxg4 Nd7 10. Bc4 Qe7 11. f3 Ne5 12. Ne3 Qc5 13. Re1 Nxc4 14. Nb3
Qe5 15. d4 Qxh2 16. Nxc4 Qxg2 17. Ne5 Bd6 18. Nd3 O-O 19. Na5 Qxf3+ 20. Kc2
Rfe8 21. Re3 Qg2+ 22. Bd2 Rxe4 23. Nc4 b5 24. Nxd6 Rxe3 25. Nf4 Qf3 26. Bxe3
Qxe3 27. Ng2 Qh3 28. Nf4 Qg3 29. Ne2 Qg2 30. Kd2 Rd8 31. Kd3 Rxd6 32. Nf4 Qf3+
33. Kc2 Qxf4 34. Re1 Qg3 35. Re8# 1-0

[Event "Junior Online 4NCL Division 5"]
[Site "online"]
[Date "2020.05.14"]
[Round "5.193"]
[White "Narasimhan, Srivathsan"]
[Black "Johal, Amraya K"]
[Result "1-0"]
[WhiteElo "410"]
[BlackElo "1075"]
[PlyCount "111"]
[EventDate "2020.05.14"]
[WhiteTeam "East Kilbride Bishops"]
[BlackTeam "Warwickshire Bears F"]

1. e4 e5 2. Nf3 Nc6 3. Nc3 Nf6 4. d4 exd4 5. Nxd4 Nxd4 6. Qxd4 d6 7. Bb5+ Bd7
8. O-O Be7 9. e5 Nh5 10. exd6 Bxd6 11. Re1+ Be7 12. Qg4 g6 13. Bxd7+ Qxd7 14.
Qxd7+ Kxd7 15. Nd5 Bc5 16. b4 Be7 17. Rxe7+ Kd6 18. Rxc7 Kxd5 19. Rxf7 Rab8 20.
Bf4 Nxf4 21. Rxf4 Rbe8 22. c4+ Kc6 23. b5+ Kc5 24. Rf7 Re4 25. Rxb7 Rhe8 26.
Kf1 Kxc4 27. Rxa7 Kc3 28. b6 Kd2 29. Rd7+ Kc2 30. b7 Rb4 31. a3 Rb3 32. Rad1
Rxb7 33. R1d2+ Kb3 34. Rxb7+ Kc3 35. Rbd7 Kb3 36. g3 Kxa3 37. Kg2 Re4 38. Rxh7
g5 39. h4 gxh4 40. gxh4 Rg4+ 41. Kf3 Rg8 42. h5 Rf8+ 43. Kg3 Rg8+ 44. Kh4 Rc8
45. h6 Rc4+ 46. Kh5 Rc5+ 47. Kg4 Rc4+ 48. Kf3 Rc3+ 49. Ke2 Kb4 50. Rhd7 Rc6 51.
h7 Re6+ 52. Kd1 Rh6 53. Rb2+ Kc4 54. Rc2+ Kb4 55. Rb7+ Ka4 56. Ra2# 1-0

[Event "Junior Online 4NCL Division 5"]
[Site "online"]
[Date "2020.05.14"]
[Round "5.194"]
[White "Pal, Rhea"]
[Black "Roul, Tushar"]
[Result "1-0"]
[WhiteElo "985"]
[BlackElo "398"]
[PlyCount "112"]
[EventDate "2020.05.14"]
[WhiteTeam "Warwickshire Bears F"]
[BlackTeam "East Kilbride Bishops"]

1. e4 d5 2. exd5 Nf6 3. c4 Bf5 4. Nf3 Nbd7 5. Be2 Nb6 6. d3 Qd7 7. O-O O-O-O 8.
Ne5 Qe8 9. Bg4 Bxg4 10. Nxg4 Nxg4 11. Qxg4+ Qd7 12. Qxd7+ Nxd7 13. Nc3 Ne5 14.
Rd1 e6 15. dxe6 Nf3+ 16. gxf3 fxe6 17. Bg5 Rd7 18. Rd2 e5 19. Re1 h6 20. Be3
Re7 21. Bc5 Rd7 22. Bxa7 b6 23. Rxe5 Bd6 24. Rd5 Bf4 25. Rd1 Rxd5 26. cxd5 Kb7
27. Nb5 Ka6 28. Bxb6 cxb6 29. Nc3 Kb7 30. Re1 Bg5 31. Re5 Rf8 32. Kg2 Bf6 33.
Re6 Bg5 34. d6 Kc8 35. d7+ Kxd7 36. Rxb6 Ke7 37. a4 Kf7 38. a5 Kg8 39. a6 Bf6
40. Nd5 Be5 41. Ne7+ Kh7 42. a7 Bd4 43. Rb7 Bxa7 44. Rxa7 Rf7 45. b4 g5 46. b5
h5 47. b6 h4 48. b7 Rf8 49. Nc6 h3+ 50. Kxh3 g4+ 51. Kxg4 Rg8+ 52. Kf5 Rf8+ 53.
Ke5 Re8+ 54. Kd6 Rf8 55. b8=Q+ Kg8 56. Qb3+ Kh8 1-0

[Event "Junior Online 4NCL Division 5"]
[Site "online"]
[Date "2020.05.14"]
[Round "5.195"]
[White "Vora, Ravi"]
[Black "Pardeshi, Prachi"]
[Result "0-1"]
[WhiteElo "1150"]
[BlackElo "519"]
[PlyCount "122"]
[EventDate "2020.05.14"]
[WhiteTeam "Warwickshire Bears F"]
[BlackTeam "East Kilbride Bishops"]

1. e4 e5 2. Bc4 Nc6 3. Nc3 Nf6 4. d3 Bc5 5. Nf3 Qe7 6. O-O O-O 7. Bg5 h6 8. Be3
Bxe3 9. fxe3 d6 10. d4 exd4 11. exd4 Ng4 12. h3 Ne3 13. Qd3 Nxf1 14. Rxf1 Nb4
15. Qd2 Qf6 16. e5 dxe5 17. dxe5 Qg6 18. Kh2 Nxc2 19. a3 Be6 20. Bxe6 fxe6 21.
Rc1 Nxa3 22. bxa3 Rad8 23. Qb2 b6 24. Nb5 Qe4 25. Nxc7 g5 26. Re1 Qf4+ 27. Kg1
Qg3 28. Qe2 Rxf3 29. Qxf3 Qxe1+ 30. Qf1 Qxe5 31. Qc4 Rd1+ 32. Kf2 Rd2+ 33. Kg1
Qg3 34. Qxe6+ Kg7 35. Ne8+ Kf8 36. Qxh6+ Kxe8 37. Qh8+ Ke7 38. Qh7+ Kf6 39.
Qh6+ Kf5 40. Qf8+ Kg6 41. Qg8+ Kf5 42. Qf8+ Ke4 43. Qe8+ Kd3 44. Qd8+ Kc2 45.
Qc8+ Kd1 46. Qg4+ Qxg4 47. hxg4 Ra2 48. Kf1 Rxa3 49. Kf2 b5 50. Kf1 b4 51. g3
Rxg3 52. Kf2 Rxg4 53. Kf3 Rf4+ 54. Kg3 b3 55. Kg2 b2 56. Kg3 b1=Q 57. Kg2 Qc2+
58. Kg3 Qd3+ 59. Kg2 Ke1 60. Kh2 Rf2+ 61. Kg1 Qf1# 0-1

[Event "Junior Online 4NCL Division 5"]
[Site "online"]
[Date "2020.05.14"]
[Round "5.196"]
[White "Roul, Karan"]
[Black "Howett, Alex"]
[Result "0-1"]
[WhiteElo "434"]
[BlackElo "1142"]
[PlyCount "40"]
[EventDate "2020.05.14"]
[WhiteTeam "East Kilbride Bishops"]
[BlackTeam "Warwickshire Bears F"]

1. e4 e5 2. Nf3 Nc6 3. Nc3 Nf6 4. d4 d6 5. Bb5 Bd7 6. Bxc6 Bxc6 7. dxe5 dxe5 8.
Qxd8+ Rxd8 9. Nxe5 Bd6 10. Nf3 O-O 11. Bg5 Be7 12. Bf4 Bxe4 13. Nxe4 Nxe4 14.
Bxc7 Rc8 15. Bf4 Rfe8 16. O-O-O Nxf2 17. Bd6 Nxd1 18. Kxd1 Bxd6 19. Nd2 Rc6 20.
Ne4 Rxe4 0-1

[Event "Junior Online 4NCL Division 5"]
[Site "online"]
[Date "2020.05.14"]
[Round "5.197"]
[White "Johal, Amraya K"]
[Black "Narasimhan, Srivathsan"]
[Result "1-0"]
[WhiteElo "1075"]
[BlackElo "410"]
[PlyCount "35"]
[EventDate "2020.05.14"]
[WhiteTeam "Warwickshire Bears F"]
[BlackTeam "East Kilbride Bishops"]

1. e4 e5 2. Nc3 Nf6 3. Nf3 Nc6 4. Bb5 Nd4 5. Nxd4 exd4 6. Na4 Nxe4 7. Qe2 Qe7
8. O-O Qe5 9. d3 Qxb5 10. Qxe4+ Be7 11. Qxd4 O-O 12. Qg4 d5 13. Qg3 Qxa4 14.
Bh6 Bf6 15. Bg5 Bxg5 16. Qxg5 c6 17. Rfe1 Re8 18. Rxe8# 1-0

[Event "Junior Online 4NCL Division 5"]
[Site "online"]
[Date "2020.05.14"]
[Round "5.201"]
[White "Knight, Michael D"]
[Black "Bleeg, Elliott"]
[Result "0-1"]
[WhiteElo "1210"]
[BlackElo "1307"]
[PlyCount "54"]
[EventDate "2020.05.14"]
[WhiteTeam "Uxbridge Juniors Jamma"]
[BlackTeam "Bristol Bishops"]

1. e4 e5 2. Nf3 Nc6 3. Bc4 Bc5 4. d3 Nf6 5. Nc3 d6 6. O-O Bg4 7. Bg5 Nd4 8. Nd5
Nxf3+ 9. gxf3 Bh3 10. Nxf6+ gxf6 11. Qe1 Bxf1 12. Qxf1 fxg5 13. Bd5 c6 14. Bc4
b5 15. Bb3 a5 16. a3 a4 17. Ba2 Qe7 18. b4 Bd4 19. Rc1 Bb2 20. Rb1 Bxa3 21. Qe2
Qf6 22. d4 exd4 23. Qd3 Bxb4 24. Rxb4 Rb8 25. Rxd4 Rd8 26. Qc3 c5 27. Rd1 Qxc3
0-1

[Event "Junior Online 4NCL Division 5"]
[Site "online"]
[Date "2020.05.14"]
[Round "5.202"]
[White "Saha, Soumil"]
[Black "Aurangabadkar, Anish R"]
[Result "1-0"]
[WhiteElo "1075"]
[BlackElo "1075"]
[PlyCount "81"]
[EventDate "2020.05.14"]
[WhiteTeam "Bristol Bishops"]
[BlackTeam "Uxbridge Juniors Jamma"]

1. e4 e5 2. Nf3 Nc6 3. Nc3 d6 4. d4 Nf6 5. dxe5 dxe5 6. Qxd8+ Nxd8 7. Nxe5 Bb4
8. Bg5 Bxc3+ 9. bxc3 h6 10. Bxf6 gxf6 11. Nf3 O-O 12. Be2 Bg4 13. O-O Bxf3 14.
Bxf3 Ne6 15. Rfe1 Nf4 16. e5 Rfe8 17. exf6 Rxe1+ 18. Rxe1 Nd5 19. Bxd5 c6 20.
Bb3 Kh7 21. Re7 Kg6 22. Rxf7 Re8 23. g3 Kf5 24. Kg2 Ke4 25. Rxb7 Rd8 26. Rxa7
Kf5 27. f7 Rf8 28. Re7 Kf6 29. Rc7 h5 30. Rxc6+ Kg7 31. Rc7 Kf6 32. a4 Ra8 33.
c4 Rf8 34. c5 Ke5 35. c6 Kd6 36. Ra7 Kxc6 37. a5 Kb5 38. Re7 Kxa5 39. Re8 Kb4
40. Rxf8 Kc3 41. Rh8 1-0